Design and development of an assembly robot manipulator /
محفوظ في:
| المؤلف الرئيسي: | |
|---|---|
| التنسيق: | أطروحة كتاب |
| اللغة: | English |
| منشور في: |
2001
|
| الموضوعات: | |
| الوسوم: |
إضافة وسم
لا توجد وسوم, كن أول من يضع وسما على هذه التسجيلة!
|
| LEADER | 00755nam a2200217 a 4500 | ||
|---|---|---|---|
| 001 | u688954 | ||
| 003 | SIRSI | ||
| 008 | 910820s2001 mal v 00 1 eng | ||
| 035 | |a ACR-2262 | ||
| 040 | |a UMJ | ||
| 097 | |a TS7 |b UM 2001 Nag | ||
| 100 | 0 | 0 | |a Nagieb Fadl-Alla Elhag Hamad |
| 245 | 1 | 0 | |a Design and development of an assembly robot manipulator / |c Nagieb Fadl-Alla Elhag Hamad |
| 260 | 1 | |c 2001 | |
| 300 | |a xiv, 144 leaves : |b ill. ; |c 28 cm. | ||
| 502 | |a Dissertation (M.Eng.Sc.) -- Fakulti Kejuruteraan, Universiti Malaya, 2001. | ||
| 650 | 0 | |a Robotics. | |
| 650 | 0 | |a Robots |x Design and construction. | |
| 948 | |a 10/10/2001 |b 10/10/2001 | ||
| 596 | |a 7 | ||
| 999 | |a TS7 UM 2001 NAG |w LC |c 1 |i A511882038 |d 7/8/2008 |f 7/8/2008 |g 1 |l STACKS |m P07JURUTER |r Y |s Y |t TESIS |u 1/8/2008 | ||
